000 02253cam a22004454i 4500
003 PE-LiUPU
005 20250731173331.0
008 150625s r 000 0 d
020 _a0631235248
035 _a(Sirsi) i9780631235248
040 _aPE-LiUPU
_bspa
_cPE-LiUPU
_erda
049 _aPRUA
082 0 4 _a222.1207
_bL23
_221
100 1 _aLangston, Scott M.,
_eautor.
245 1 0 _aExodus through the centuries /
_cScott M. Langston.
264 1 _aMalden, MA :
_bBlackwell Publishing,
_c2006.
300 _a294 páginas ;
_c23 centímetros
336 _atext
_2rdacontent
337 _aunmediated
_2rdamedia
338 _avolume
_2rdacarrier
505 0 _aIntroduction. -Jewish and Cristian uses. -Political and Social uses. -Operative and contradictoroy uses. -Artistis . -Aim and design. -Exodus 1-2. -1:1-14 The israelite's suffering. -1:15-22 Attempts to kill Israel's Male infants. -2:1-10 Moses' birth. -2:11-25 Moses' Early life. -Moses and modern biographies. -Exodus 3-4. 3.1-6. -Moses encounters YHWH. -3:7-4:17 Moses and Yhwh negotiate. -4:18-31 YHWH Attempts to kill Moses. -Exodus 5-10 . -5:1-7:7 Moses and pharaoh begin negotiations. -7:8-10:29 The plagues. -Exodus 11:1-13:16 12:1-1 The passover. -11:1-3; 12:33-6 The plundering of the egypians. -11:1-10;12:29-32 The death of the firstborn. -Exodus 13: 17-15:21. -13:17-14:31 The exodus. -15:1-21 Israel's Celebratión. -Exodus 19-31 Chaptes 19-24 The ten commandments and other laws. -Chapters 32-40 The competed tabernacle.
526 _aSEG42
526 _aSEG41
526 _aSEG40
526 _aSEG39
526 _aP94
526 _aP87
526 _aP86
526 _aP85
526 _aP77
526 _aP76
526 _aP35
630 _aBiblia.
_pA.T.
_pExodo
_xComentarios.
942 _2ddc
_cBOOK
949 _a222.1207 L23
_wDEWEY
_c1
_i59286
_lCCODEBUL1
_mBUL
_r0
_sY
_tBOOK
_u2015-6-25
_xTEOLOGIA
_PP35
_0COMPRA
_o.STAFF. Colección General
994 _aC0
_bPEPRU
596 _a1
999 _a222.1207 L23
_wDEWEY
_c48073
_i59286
_d48073
_e2017-6-28
_f2021-11-9
_g5
_lCCODEBUL1
_mBUL
_n1
_q1
_r0
_sY
_tBOOK
_u2015-6-25
_xTEOLOGIA
_PP35
_0COMPRA
_o.STAFF. Colección General
980 _81
_gALBERTO SANCHEZ Responsable de Automatización